| 000 | 01390nas1a22002531 4500 | ||
|---|---|---|---|
| 001 | rc\3050560 | ||
| 005 | 20260407025645.0 | ||
| 035 | _a(NLR Aleph) 007190067 | ||
| 090 |
_a7529066 _c7529066 |
||
| 100 | _a20260215 rusy50 | ||
| 101 | 0 | _arus | |
| 102 | _aRU | ||
| 110 | _aayu||||0|y0 | ||
| 200 | 1 | _aБюллетень Исполнительного комитета Московского областного Совета народных депутатов | |
| 210 |
_aМосква _cБ. и. _d1977-1990 |
||
| 311 | _aПОЛНОЕ ОПИСАНИЕ СМ.: Вестник Московского областного Совета народных депутатов | ||
| 440 | 0 |
_1001RU\NLR\INFOCOMM6\1000446795 _12001#$aВестник Московского областного Совета народных депутатов _93000114 _aМосковский областной Совет народных депутатов _cМ. _d1941- _tВестник Московского областного Совета народных депутатов _x0130-8238 |
|
| 710 | 0 | 2 |
_aМосковский областной Совет народных депутатов _bИсполнительный комитет _3RU\NLR\AUTH\8810011473 _9520646 |
| 801 | 0 |
_aRU _bNLR _gpsbo |
|
| 801 | 1 |
_aRU _bELAR _2rusmarc |
|
| 852 |
_aNLR _jП22/1350 |
||
| 942 | _cUNSPEC | ||
| 980 | _aNB | ||